| 000 | 00956nam a2200253Ia 4500 | ||
|---|---|---|---|
| 003 | OSt | ||
| 005 | 20221005112306.0 | ||
| 006 | a|||||r|||| 00| 0 | ||
| 007 | ta | ||
| 008 | 221004b |||||||| |||| 00| 0 pan d | ||
| 020 |
_a9788178563022 (hbk) _c250 |
||
| 024 | _a2755 | ||
| 037 |
_b701, 21/01/2013, Bright Book Service _cTextual |
||
| 040 |
_aCRL _cCRL _bpan |
||
| 041 |
_2pan _apan |
||
| 082 | _aDelta73, 153Q2 | ||
| 100 | _aਘੁੰਮਣ, ਬਿਕਰਮ ਸਿੰਘ, ਥਦ. | ||
| 245 | 0 | _aਭੂੱਲੇ ਵਿਸਰੇ ਸੂਖ਼ੀਆਂ ਦਾ ਕਲਾਮ | |
| 260 |
_aਅੰਮ੍ਰਿਤਸਰ _bਵਾਰਿਸ Fਾਹ ਖ਼ਾਉ੍ਵਡੇFਨ ਭਾਰਤ _c2012 |
||
| 300 |
_a176ਪੰ _ccm. |
||
| 650 | _aਅਧਿਆਤਮਵਾਦ | ||
| 942 |
_hDelta73, 153Q2 _cTEXL _2cc |
||
| 999 |
_c1024446 _d1024446 |
||